Mecánica agrícola; motores y maquinarias /

Guardado en:
Autor Principal: Conti, Marcelo
Formato: Libro
Publicado: Buenos Aires : Estrada, 1913
Materias:
Etiquetas: Agregar Etiqueta
Sin Etiquetas, Sea el primero en etiquetar este registro!
LEADER 00469nam a22001575a 4500
001 CEM.cems015780
008 130507s1913##################000#0#####d
005 20210811191105.0
003 CEMS
245 1 0 |a Mecánica agrícola; motores y maquinarias /  |c Marcelo Conti, 
260 |a Buenos Aires :  |b Estrada,  |c 1913 
300 |a 358 p. 
100 1 |a Conti, Marcelo 
082 0 4 |a 631.3 
653 |a Mecánica agrícola 
859 |a CEMS  |b BIB. CEMS - Agricultura  |h 631.3  |i C767  |p A7147.79  |t Ej.1  |v I  |3 I